[Event "DVM U12 2021"]
[Site "Naumburg (Saale) GER"]
[Date "2022.03.26"]
[Round "2"]
[White "Haubold, Sebastian Marcel"]
[Black "Braun, Julian"]
[Result "1-0"]
[Termination "normal"]
[Board "2.1"]
[WhiteElo "1869"]
[BlackElo "1620"]
[WhiteClock "00:23:51"]
[BlackClock "00:22:48"]
[WhiteTeam "SG Einheit Staßfurt"]
[BlackTeam "Hamburger SK von 1830 eV"]
[PlyCount "67"]
[WhiteFideId "16259637"]
[BlackFideId "16289293"]
[EventCountry "GER"]
[EventRounds "6"]
[EventType "team-swiss"]
[EventDate "2022.03.24"]

1. e4 {[%clk 1:30:56]} e5 {[%clk 1:31:00]} 2. Nf3 {[%clk 1:31:16]} Nc6 {[%clk
1:31:28]} 3. Bb5 {[%clk 1:31:36]} a6 {[%clk 1:31:57]} 4. Ba4 {[%clk 1:31:56]}
Nf6 {[%clk 1:32:26]} 5. d4 {[%clk 1:32:04]} exd4 {[%clk 1:31:54]} 6. O-O {[%clk
1:32:23]} Be7 {[%clk 1:31:24]} 7. Re1 {[%clk 1:32:47]} O-O {[%clk 1:30:35]} 8.
e5 {[%clk 1:31:53]} Nd5 {[%clk 1:30:02]} 9. Bb3 {[%clk 1:20:50]} Nb6 {[%clk
1:29:24]} 10. Nxd4 {[%clk 1:16:23]} Nxd4 {[%clk 1:28:12]} 11. Qxd4 {[%clk
1:16:37]} d5 {[%clk 1:28:10]} 12. c3 {[%clk 1:12:09]} Be6 {[%clk 1:24:31]} 13.
Be3 {[%clk 1:00:18]} a5 {[%clk 1:19:31]} 14. Qd3 {[%clk 0:57:04]} c5 {[%clk
1:16:05]} 15. Bc2 {[%clk 0:57:15]} g6 {[%clk 1:15:40]} 16. Na3 {[%clk 0:52:43]}
Rc8 {[%clk 1:13:29]} 17. Qe2 {[%clk 0:49:28]} Qc7 {[%clk 1:09:53]} 18. Bh6
{[%clk 0:47:12]} Rfd8 {[%clk 1:08:44]} 19. Nb5 {[%clk 0:46:23]} Qd7 {[%clk
1:08:10]} 20. Rad1 {[%clk 0:39:48]} Qe8 {[%clk 0:57:33]} 21. Nd6 {[%clk
0:36:35]} Rxd6 {[%clk 0:52:02]} 22. exd6 {[%clk 0:36:49]} Bxd6 {[%clk 0:52:00]}
23. Qf3 {[%clk 0:34:18]} Qe7 {[%clk 0:50:28]} 24. Bf4 {[%clk 0:32:20]} Bxf4
{[%clk 0:49:01]} 25. Qxf4 {[%clk 0:32:48]} Rd8 {[%clk 0:41:55]} 26. b3 {[%clk
0:30:32]} Ra8 {[%clk 0:33:50]} 27. h4 {[%clk 0:28:52]} h5 {[%clk 0:33:00]} 28.
Rd3 {[%clk 0:22:58]} Qd7 {[%clk 0:31:29]} 29. Rg3 {[%clk 0:22:21]} Kh7 {[%clk
0:24:44]} 30. Qg5 {[%clk 0:22:35]} Bf5 {[%clk 0:22:48]} 31. Re7 {[%clk
0:23:02]} Bxc2 {[%clk 0:22:30]} 32. Rxd7 {[%clk 0:23:28]} Nxd7 {[%clk 0:22:57]}
33. Qxd5 {[%clk 0:23:51]} Nf6 {[%clk 0:22:48]} 34. Qxf7+ 1-0

[Event "DVM U12 2021"]
[Site "Naumburg (Saale) GER"]
[Date "2022.03.26"]
[Round "2"]
[White "Lu, Yunong Elias"]
[Black "Haubold, Christian Lucas"]
[Result "0-1"]
[Termination "normal"]
[Board "2.2"]
[WhiteElo "1677"]
[BlackElo "1808"]
[WhiteClock "00:06:00"]
[BlackClock "00:08:02"]
[WhiteTeam "Hamburger SK von 1830 eV"]
[BlackTeam "SG Einheit Staßfurt"]
[PlyCount "90"]
[WhiteFideId "16276426"]
[BlackFideId "16259629"]
[EventCountry "GER"]
[EventRounds "6"]
[EventType "team-swiss"]
[EventDate "2022.03.24"]

1. e4 {[%clk 1:30:56]} e5 {[%clk 1:30:52]} 2. Nf3 {[%clk 1:31:04]} Nc6 {[%clk
1:31:05]} 3. d4 {[%clk 1:31:18]} exd4 {[%clk 1:31:14]} 4. Bc4 {[%clk 1:31:34]}
Bc5 {[%clk 1:31:15]} 5. O-O {[%clk 1:31:06]} Nf6 {[%clk 1:30:40]} 6. e5 {[%clk
1:29:41]} d5 {[%clk 1:29:29]} 7. exf6 {[%clk 1:29:50]} dxc4 {[%clk 1:29:44]} 8.
Re1+ {[%clk 1:30:05]} Be6 {[%clk 1:30:08]} 9. Ng5 {[%clk 1:30:04]} Qd5 {[%clk
1:28:46]} 10. Nc3 {[%clk 1:29:27]} Qf5 {[%clk 1:27:33]} 11. Nce4 {[%clk
1:28:57]} O-O-O {[%clk 1:23:10]} 12. Nxc5 {[%clk 1:17:56]} Qxc5 {[%clk
1:23:23]} 13. Rxe6 {[%clk 1:16:41]} fxe6 {[%clk 1:23:10]} 14. Nxe6 {[%clk
1:16:18]} Qe5 {[%clk 1:21:38]} 15. Nxd8 {[%clk 1:15:35]} Rxd8 {[%clk 1:21:06]}
16. fxg7 {[%clk 1:12:15]} Qxg7 {[%clk 1:17:10]} 17. Bf4 {[%clk 1:05:36]} d3
{[%clk 1:09:50]} 18. c3 {[%clk 1:04:27]} Re8 {[%clk 1:06:32]} 19. Be3 {[%clk
0:59:08]} a6 {[%clk 1:02:48]} 20. Qh5 {[%clk 0:54:45]} Rd8 {[%clk 0:55:36]} 21.
Rd1 {[%clk 0:50:41]} Kb8 {[%clk 0:44:56]} 22. Qh4 {[%clk 0:41:39]} Rg8 {[%clk
0:42:00]} 23. g3 {[%clk 0:38:26]} Qf7 {[%clk 0:40:56]} 24. Qf4 {[%clk 0:32:06]}
Qh5 {[%clk 0:39:38]} 25. Rd2 {[%clk 0:31:09]} Ne5 {[%clk 0:39:55]} 26. Kg2
{[%clk 0:30:06]} Re8 {[%clk 0:36:47]} 27. h3 {[%clk 0:26:06]} Qg6 {[%clk
0:33:29]} 28. f3 {[%clk 0:18:58]} Qe6 {[%clk 0:28:21]} 29. Bf2 {[%clk 0:15:37]}
Ng6 {[%clk 0:25:22]} 30. Qd4 {[%clk 0:12:58]} b6 {[%clk 0:25:26]} 31. b3 {[%clk
0:11:07]} cxb3 {[%clk 0:20:06]} 32. axb3 {[%clk 0:11:25]} Ne5 {[%clk 0:19:51]}
33. Rxd3 {[%clk 0:07:56]} Nxd3 {[%clk 0:17:13]} 34. Qxd3 {[%clk 0:08:19]} Qxb3
{[%clk 0:16:02]} 35. Qxa6 {[%clk 0:08:16]} Qxc3 {[%clk 0:08:54]} 36. Bxb6
{[%clk 0:07:13]} cxb6 {[%clk 0:07:00]} 37. Qxb6+ {[%clk 0:07:34]} Kc8 {[%clk
0:07:25]} 38. Qa6+ {[%clk 0:07:45]} Kd7 {[%clk 0:07:43]} 39. Qb7+ {[%clk
0:07:34]} Kd8 {[%clk 0:07:19]} 40. Qa8+ {[%clk 0:07:18]} Ke7 {[%clk 0:07:38]}
41. Qe4+ {[%clk 0:06:59]} Kf8 {[%clk 0:07:55]} 42. Qf5+ {[%clk 0:06:08]} Kg8
{[%clk 0:08:18]} 43. h4 {[%clk 0:06:07]} Qe5 {[%clk 0:07:48]} 44. Qg4+ {[%clk
0:06:03]} Kh8 {[%clk 0:08:08]} 45. Qb4 {[%clk 0:06:00]} Rb8 {[%clk 0:08:02]}
0-1

[Event "DVM U12 2021"]
[Site "Naumburg (Saale) GER"]
[Date "2022.03.26"]
[Round "2"]
[White "Roos Nazario, Valentin"]
[Black "Dordevic, Tom"]
[Result "0-1"]
[Termination "normal"]
[Board "3.2"]
[WhiteElo "1140"]
[BlackElo "1671"]
[WhiteClock "00:43:02"]
[BlackClock "00:03:53"]
[WhiteTeam "Tischtennisclub Grün-Weiß Fritzdorf 1958 e. V."]
[BlackTeam "Düsseldorfer Schachverein 1854"]
[PlyCount "92"]
[WhiteFideId "16295722"]
[BlackFideId "16260503"]
[EventCountry "GER"]
[EventRounds "6"]
[EventType "team-swiss"]
[EventDate "2022.03.24"]

1. e4 {[%clk 1:30:58]} c5 {[%clk 1:30:57]} 2. Nf3 {[%clk 1:30:58]} e6 {[%clk
1:31:22]} 3. d4 {[%clk 1:30:31]} cxd4 {[%clk 1:31:49]} 4. Nxd4 {[%clk 1:30:55]}
a6 {[%clk 1:32:16]} 5. Bd3 {[%clk 1:30:40]} Qc7 {[%clk 1:32:03]} 6. Nc3 {[%clk
1:27:32]} Nf6 {[%clk 1:32:04]} 7. Bd2 {[%clk 1:22:23]} Be7 {[%clk 1:31:47]} 8.
Qe2 {[%clk 1:20:54]} d6 {[%clk 1:31:02]} 9. O-O {[%clk 1:19:42]} Nbd7 {[%clk
1:30:30]} 10. a4 {[%clk 1:19:34]} b6 {[%clk 1:24:00]} 11. f4 {[%clk 1:15:29]}
Nc5 {[%clk 1:22:46]} 12. Rac1 {[%clk 1:03:26]} O-O {[%clk 1:00:50]} 13. e5
{[%clk 0:56:49]} Nfd7 {[%clk 0:48:03]} 14. b4 {[%clk 0:49:36]} dxe5 {[%clk
0:11:40]} 15. fxe5 {[%clk 0:48:11]} Nxd3 {[%clk 0:06:25]} 16. cxd3 {[%clk
0:47:45]} Qxe5 {[%clk 0:05:08]} 17. Nc6 {[%clk 0:47:02]} Bc5+ {[%clk 0:04:36]}
18. bxc5 {[%clk 0:45:04]} Qxc5+ {[%clk 0:05:03]} 19. Be3 {[%clk 0:44:58]} Qxc6
{[%clk 0:05:26]} 20. Nb5 {[%clk 0:44:39]} Qb7 {[%clk 0:04:42]} 21. Rc7 {[%clk
0:42:08]} Qb8 {[%clk 0:04:49]} 22. Bf4 {[%clk 0:41:25]} e5 {[%clk 0:05:09]} 23.
Bxe5 {[%clk 0:41:33]} Nxe5 {[%clk 0:05:33]} 24. Qxe5 {[%clk 0:41:56]} Bd7
{[%clk 0:01:58]} 25. Nc3 {[%clk 0:41:44]} Ra7 {[%clk 0:02:03]} 26. Nd5 {[%clk
0:42:09]} Rxc7 {[%clk 0:02:21]} 27. Qxc7 {[%clk 0:42:20]} Qxc7 {[%clk 0:02:47]}
28. Nxc7 {[%clk 0:42:38]} a5 {[%clk 0:02:51]} 29. Rb1 {[%clk 0:42:18]} Rb8
{[%clk 0:01:24]} 30. Nd5 {[%clk 0:41:36]} b5 {[%clk 0:01:22]} 31. axb5 {[%clk
0:42:00]} Rxb5 {[%clk 0:01:47]} 32. Rxb5 {[%clk 0:41:51]} Bxb5 {[%clk 0:02:13]}
33. d4 {[%clk 0:41:53]} f6 {[%clk 0:02:04]} 34. Nc3 {[%clk 0:42:12]} Bc4 {[%clk
0:02:24]} 35. Kf2 {[%clk 0:42:18]} Kf7 {[%clk 0:02:40]} 36. d5 {[%clk 0:41:24]}
Bb3 {[%clk 0:02:22]} 37. Ke3 {[%clk 0:41:38]} a4 {[%clk 0:02:29]} 38. Kd2
{[%clk 0:40:51]} Ke7 {[%clk 0:01:52]} 39. Kd3 {[%clk 0:40:50]} a3 {[%clk
0:01:37]} 40. d6+ {[%clk 0:41:02]} Kd8 {[%clk 0:01:39]} 41. Ke4 {[%clk
0:41:16]} a2 {[%clk 0:02:01]} 42. Nxa2 {[%clk 0:41:42]} Bxa2 {[%clk 0:02:28]}
43. h4 {[%clk 0:42:00]} Kd7 {[%clk 0:02:55]} 44. g4 {[%clk 0:42:15]} Kxd6
{[%clk 0:03:21]} 45. g5 {[%clk 0:42:39]} fxg5 {[%clk 0:03:30]} 46. hxg5 {[%clk
0:43:02]} g6 {[%clk 0:03:53]} 0-1

[Event "DVM U12 2021"]
[Site "Naumburg (Saale) GER"]
[Date "2022.03.26"]
[Round "2"]
[White "Merenda, Lukas-Benedikt"]
[Black "Helms, Finn"]
[Result "0-1"]
[Termination "normal"]
[Board "6.1"]
[WhiteElo "1479"]
[BlackElo "1911"]
[WhiteClock "00:15:40"]
[BlackClock "00:24:28"]
[WhiteTeam "Schachfreunde München e. V."]
[BlackTeam "SV Werder Bremen"]
[PlyCount "138"]
[WhiteFideId "34603336"]
[BlackFideId "16249143"]
[EventCountry "GER"]
[EventRounds "6"]
[EventType "team-swiss"]
[EventDate "2022.03.24"]

1. e4 {[%clk 1:30:59]} c6 {[%clk 1:30:56]} 2. d4 {[%clk 1:31:25]} d5 {[%clk
1:31:23]} 3. exd5 {[%clk 1:31:53]} cxd5 {[%clk 1:31:44]} 4. Bd3 {[%clk
1:32:19]} g6 {[%clk 1:31:51]} 5. Nf3 {[%clk 1:32:05]} Nc6 {[%clk 1:30:28]} 6.
c3 {[%clk 1:31:41]} Nf6 {[%clk 1:30:30]} 7. h3 {[%clk 1:32:10]} Bf5 {[%clk
1:29:57]} 8. O-O {[%clk 1:27:15]} Bxd3 {[%clk 1:25:43]} 9. Qxd3 {[%clk
1:27:25]} Bg7 {[%clk 1:25:54]} 10. Bf4 {[%clk 1:23:12]} O-O {[%clk 1:23:55]}
11. Nbd2 {[%clk 1:20:10]} Ne8 {[%clk 1:20:29]} 12. Rfe1 {[%clk 1:17:40]} Nd6
{[%clk 1:18:51]} 13. Rac1 {[%clk 1:10:29]} b5 {[%clk 1:13:39]} 14. a3 {[%clk
1:04:43]} a6 {[%clk 1:10:34]} 15. b3 {[%clk 0:58:07]} e6 {[%clk 1:02:07]} 16.
Ne5 {[%clk 0:52:51]} Rc8 {[%clk 0:58:53]} 17. Bh2 {[%clk 0:45:46]} Qe7 {[%clk
0:50:47]} 18. a4 {[%clk 0:41:24]} Bh6 {[%clk 0:46:00]} 19. Ng4 {[%clk 0:33:06]}
Bg7 {[%clk 0:39:03]} 20. Nf3 {[%clk 0:24:11]} bxa4 {[%clk 0:28:31]} 21. bxa4
{[%clk 0:23:24]} Nc4 {[%clk 0:27:57]} 22. Nge5 {[%clk 0:22:47]} N6xe5 {[%clk
0:27:46]} 23. Nxe5 Nxe5 {[%clk 0:26:19]} 24. Bxe5 {[%clk 0:23:34]} Bxe5 {[%clk
0:26:17]} 25. dxe5 {[%clk 0:23:15]} Rc4 {[%clk 0:26:18]} 26. g3 {[%clk
0:21:17]} Qc5 {[%clk 0:25:48]} 27. Kg2 {[%clk 0:19:56]} Rc8 {[%clk 0:25:55]}
28. Re3 {[%clk 0:18:57]} Rxa4 {[%clk 0:25:27]} 29. Rb1 {[%clk 0:18:08]} Ra3
{[%clk 0:24:54]} 30. Qe2 {[%clk 0:18:04]} Qc4 {[%clk 0:24:39]} 31. Qb2 {[%clk
0:17:34]} Rxc3 {[%clk 0:24:47]} 32. Rxc3 {[%clk 0:17:46]} Qxc3 {[%clk 0:25:15]}
33. Qb7 {[%clk 0:18:13]} Qc6 {[%clk 0:24:14]} 34. Qe7 {[%clk 0:16:54]} d4+
{[%clk 0:24:06]} 35. Kg1 {[%clk 0:16:49]} Qe4 {[%clk 0:24:04]} 36. Qb4 {[%clk
0:16:14]} Qxe5 {[%clk 0:24:00]} 37. Qb7 {[%clk 0:16:28]} Rd8 {[%clk 0:22:57]}
38. Qxa6 {[%clk 0:16:06]} d3 {[%clk 0:22:37]} 39. Qb6 {[%clk 0:15:48]} Rd5
{[%clk 0:22:11]} 40. Rd1 {[%clk 0:14:54]} Qe2 {[%clk 0:22:15]} 41. Qb8+ {[%clk
0:15:01]} Kg7 {[%clk 0:22:37]} 42. Qb1 {[%clk 0:15:29]} d2 {[%clk 0:21:53]} 43.
Qa1+ {[%clk 0:15:43]} e5 {[%clk 0:21:54]} 44. g4 {[%clk 0:14:21]} Rd3 {[%clk
0:21:44]} 45. Kg2 {[%clk 0:14:18]} Rf3 {[%clk 0:20:09]} 46. Rxd2 {[%clk
0:11:47]} Rxf2+ {[%clk 0:20:31]} 47. Kg1 {[%clk 0:12:15]} Qxd2 {[%clk 0:19:41]}
48. Qxe5+ {[%clk 0:12:44]} Kh6 {[%clk 0:19:32]} 49. h4 {[%clk 0:10:49]} Qf4
{[%clk 0:19:25]} 50. Qg5+ {[%clk 0:08:45]} Qxg5 {[%clk 0:19:49]} 51. hxg5+
{[%clk 0:09:14]} Kxg5 {[%clk 0:20:16]} 52. Kxf2 {[%clk 0:09:43]} Kxg4 {[%clk
0:20:45]} 53. Kg2 {[%clk 0:10:11]} f5 {[%clk 0:20:53]} 54. Kf2 {[%clk 0:10:34]}
f4 {[%clk 0:21:18]} 55. Kg2 {[%clk 0:11:02]} f3+ {[%clk 0:21:44]} 56. Kf2
{[%clk 0:11:18]} Kf4 {[%clk 0:22:08]} 57. Kf1 {[%clk 0:11:40]} Kg3 {[%clk
0:22:32]} 58. Kg1 {[%clk 0:12:04]} h5 {[%clk 0:22:57]} 59. Kh1 {[%clk 0:12:29]}
Kf2 {[%clk 0:23:21]} 60. Kh2 {[%clk 0:12:56]} g5 {[%clk 0:23:29]} 61. Kh1
{[%clk 0:13:13]} Ke2 {[%clk 0:23:39]} 62. Kh2 {[%clk 0:13:37]} f2 {[%clk
0:24:03]} 63. Kg3 {[%clk 0:14:03]} f1=Q 64. Kh2 Qf3 {[%clk 0:24:05]} 65. Kg1
{[%clk 0:14:29]} g4 {[%clk 0:24:30]} 66. Kh2 {[%clk 0:14:53]} g3+ {[%clk
0:24:27]} 67. Kh3 {[%clk 0:15:14]} g2+ 68. Kh2 Qf2 {[%clk 0:24:28]} 69. Kh3
{[%clk 0:15:40]} g1=N# 0-1

[Event "DVM U12 2021"]
[Site "Naumburg (Saale) GER"]
[Date "2022.03.26"]
[Round "2"]
[White "Zimmer, Tim"]
[Black "Büchel, David"]
[Result "0-1"]
[Termination "normal"]
[Board "6.2"]
[WhiteElo "1170"]
[BlackElo "1553"]
[WhiteClock "00:25:24"]
[BlackClock "00:40:19"]
[WhiteTeam "SV Werder Bremen"]
[BlackTeam "Schachfreunde München e. V."]
[PlyCount "76"]
[WhiteFideId "34603115"]
[BlackFideId "34603689"]
[EventCountry "GER"]
[EventRounds "6"]
[EventType "team-swiss"]
[EventDate "2022.03.24"]

1. e4 {[%clk 1:30:59]} c5 {[%clk 1:30:55]} 2. Nf3 {[%clk 1:31:14]} d6 {[%clk
1:31:20]} 3. d4 {[%clk 1:31:29]} cxd4 {[%clk 1:31:45]} 4. Nxd4 {[%clk 1:31:52]}
Nf6 {[%clk 1:32:11]} 5. Nc3 {[%clk 1:31:52]} g6 {[%clk 1:32:36]} 6. Bc4 {[%clk
1:31:03]} Bg7 {[%clk 1:32:40]} 7. f3 {[%clk 1:30:15]} O-O {[%clk 1:32:51]} 8.
Be3 {[%clk 1:30:42]} Nc6 {[%clk 1:32:26]} 9. Qd2 {[%clk 1:26:59]} Bd7 {[%clk
1:32:50]} 10. g4 {[%clk 1:24:10]} Rc8 {[%clk 1:31:34]} 11. Be2 {[%clk 1:20:31]}
Ne5 {[%clk 1:28:57]} 12. Rg1 {[%clk 1:17:26]} Nc4 {[%clk 1:28:32]} 13. Bxc4
{[%clk 1:17:35]} Rxc4 {[%clk 1:24:22]} 14. h4 {[%clk 1:15:58]} Qc8 {[%clk
1:18:17]} 15. g5 {[%clk 1:02:44]} Nh5 {[%clk 1:15:44]} 16. O-O-O {[%clk
1:02:40]} b5 {[%clk 1:07:26]} 17. Ndxb5 {[%clk 0:57:21]} Bxb5 {[%clk 1:06:01]}
18. Nxb5 {[%clk 0:57:35]} Qa6 {[%clk 0:58:27]} 19. Nd4 {[%clk 0:45:47]} Qxa2
{[%clk 0:55:25]} 20. Qd3 {[%clk 0:44:09]} Rfc8 {[%clk 0:45:54]} 21. Kd2 {[%clk
0:31:53]} Bxd4 {[%clk 0:43:12]} 22. Bxd4 {[%clk 0:31:36]} Nf4 {[%clk 0:42:50]}
23. Qb3 {[%clk 0:25:33]} Qxb3 {[%clk 0:41:55]} 24. cxb3 {[%clk 0:25:52]} Rxd4+
{[%clk 0:42:12]} 25. Ke3 {[%clk 0:24:12]} Rxd1 {[%clk 0:42:34]} 26. Rxd1 {[%clk
0:24:36]} Ne6 {[%clk 0:42:26]} 27. Ra1 {[%clk 0:23:18]} Rc7 {[%clk 0:42:34]}
28. f4 {[%clk 0:23:42]} Nc5 {[%clk 0:42:44]} 29. Rc1 {[%clk 0:24:05]} Rb7
{[%clk 0:42:42]} 30. e5 {[%clk 0:23:40]} Rxb3+ {[%clk 0:42:45]} 31. Kd4 {[%clk
0:23:25]} Rxb2 {[%clk 0:40:34]} 32. exd6 {[%clk 0:23:39]} Nb3+ {[%clk 0:38:09]}
33. Kc3 {[%clk 0:23:48]} Nxc1 {[%clk 0:38:26]} 34. Kxb2 {[%clk 0:24:12]} exd6
{[%clk 0:38:46]} 35. Kxc1 {[%clk 0:24:32]} Kf8 {[%clk 0:39:12]} 36. Kb2 {[%clk
0:24:47]} Ke7 {[%clk 0:39:39]} 37. Kc3 {[%clk 0:25:03]} Ke6 {[%clk 0:40:05]}
38. Kd4 {[%clk 0:25:24]} a5 {[%clk 0:40:19]} 0-1

[Event "DVM U12 2021"]
[Site "Naumburg (Saale) GER"]
[Date "2022.03.26"]
[Round "2"]
[White "Shkundin, Maximilian"]
[Black "Beberhold, Otto Richard"]
[Result "1-0"]
[Termination "normal"]
[Board "7.2"]
[WhiteElo "1375"]
[BlackElo "1368"]
[WhiteTeam "TuS Makkabi Ffm"]
[BlackTeam "SSV Vimaria 91 Weimar"]
[WhiteFideId "16287258"]
[BlackFideId "34617248"]
[EventCountry "GER"]
[EventRounds "6"]
[EventType "team-swiss"]
[EventDate "2022.03.24"]

1. e4 d5 2. exd5 Qxd5 3. Nf3 Bg4 4. Be2 Nc6 5. O-O O-O-O 6. Nc3 Qd7 7. d3 e6 8.
Bf4 Bd6 9. Bg3 Nge7 10. Ne4 Nf5 11. Nxd6+ cxd6 12. c3 e5 13. d4 Rhe8 14. d5
Nce7 15. a4 a6 16. Qb3 Qc7 17. a5 Qc5 18. Ra4 Qxd5 19. Qxd5 Nxd5 20. Rxg4 e4
21. Nd4 Nxd4 22. cxd4 g6 23. Rh4 h5 24. f3 e3 25. Re4 Rh8 26. Rc1+ Kd7 27. Kf1
f5 28. Rh4 g5 29. Rh3 g4 30. Rh4 Ne7 31. Bd3 Rdf8 32. fxg4 fxg4+ 33. Ke2 Nd5
34. h3 Ke6 35. hxg4 Nf4+ 36. Bxf4 Rxf4 37. Kxe3 Rxg4 38. Rxg4 hxg4 39. Rc7 Rh5
40. b4 Kd5 41. Bc4# 1-0

[Event "DVM U12 2021"]
[Site "Naumburg (Saale) GER"]
[Date "2022.03.26"]
[Round "2"]
[White "Kalinin, Alexej"]
[Black "Rohatgi, Kushagra"]
[Result "0-1"]
[Termination "normal"]
[Board "7.3"]
[WhiteElo "1340"]
[BlackElo "1339"]
[WhiteTeam "SSV Vimaria 91 Weimar"]
[BlackTeam "TuS Makkabi Ffm"]
[WhiteFideId "34617167"]
[BlackFideId "34603212"]
[EventCountry "GER"]
[EventRounds "6"]
[EventType "team-swiss"]
[EventDate "2022.03.24"]

1. d4 d5 2. Nf3 Nf6 3. e3 c6 4. Nbd2 Bg4 5. Be2 e6 6. O-O Nbd7 7. h3 Bf5 8. b3
Bd6 9. Bb2 O-O 10. Ne5 Bxe5 11. dxe5 Ne4 12. Nxe4 Bxe4 13. Rc1 Qg5 14. Bf3 Bxf3
15. Qxf3 Nxe5 16. Qe2 Ng6 17. f4 Qe7 18. Rf3 f6 19. c4 Nh4 20. Rf2 Nf5 21. e4
Ng3 22. Qg4 Nxe4 23. Re2 Rad8 24. cxd5 cxd5 25. Rec2 Rf7 26. Rc8 Rxc8 27. Rxc8+
Rf8 28. Rxf8+ Kxf8 29. f5 Qc5+ 30. Kh2 Qc7+ 31. Kg1 e5 32. Ba3+ Kg8 33. Qh5 Qd8
34. Qf3 Qa5 35. b4 Qb6+ 36. Kh2 Qf2 37. Qb3 Qf4+ 38. Kg1 Qd2 39. b5 Qd4+ 40.
Kh2 Nd2 41. Qc2 Qf4+ 42. Kg1 Qe3+ 43. Kh1 Qe1+ 44. Kh2 Nf1+ 45. Kg1 Ne3+ 46.
Kh2 Nxc2 47. Bc5 Ne3 48. Bxe3 Qxe3 49. a4 d4 50. a5 d3 51. b6 a6 52. h4 d2 53.
h5 d1=R 54. h6 Qf4+ 55. Kh3 Rh1# 0-1

[Event "DVM U12 2021"]
[Site "Naumburg (Saale) GER"]
[Date "2022.03.26"]
[Round "2"]
[White "Zhao, Yunsheng"]
[Black "Roth, Andreas Christian"]
[Result "1/2-1/2"]
[Termination "normal"]
[Board "7.4"]
[WhiteElo "1105"]
[BlackElo "1254"]
[WhiteTeam "TuS Makkabi Ffm"]
[BlackTeam "SSV Vimaria 91 Weimar"]
[WhiteFideId "16299280"]
[BlackFideId "34617086"]
[EventCountry "GER"]
[EventRounds "6"]
[EventType "team-swiss"]
[EventDate "2022.03.24"]

1. e4 d5 2. exd5 Qxd5 3. Nc3 Qa5 4. Nf3 Nf6 5. d4 c6 6. Bc4 Bf5 7. Bd2 Qc7 8.
Ne5 e6 9. Bf4 Bd6 10. h3 Nbd7 11. Qe2 Bxe5 12. dxe5 Nd5 13. Bxd5 cxd5 14. Bg3
Qc6 15. O-O a6 16. Rfd1 O-O 17. Rac1 b5 18. a3 Nb6 19. Nb1 Rac8 20. c3 Nc4 21.
Rd4 Be4 22. b3 Na5 23. Nd2 Bf5 24. b4 Nc4 25. Nxc4 bxc4 26. Ra1 Ra8 27. a4 a5
28. b5 Qd7 29. Qb2 Rfb8 30. Qa3 Rb6 31. Qc5 Rb7 32. Qd6 Qxd6 33. exd6 Rd7 34.
Ra2 Be4 35. Rb2 f6 36. f3 e5 37. Rdd2 Bd3 38. b6 Rxd6 39. b7 Rb8 40. Rb5 d4 41.
cxd4 Rxd4 42. Bf2 c3 43. Rd1 Bxb5 44. Bxd4 exd4 45. axb5 Rxb7 46. Rxd4 Rxb5 47.
Rc4 Rb6 48. Rxc3 Ra6 49. Ra3 Kf7 50. Kf2 Ke6 51. Ke3 Kd5 52. Kd3 Kc5 53. Kc3
Kb5 54. Kb3 a4+ 55. Kc3 Rc6+ 56. Kb2 Kb4 57. Rd3 Ra6 58. Rd7 a3+ 59. Ka2 Re6
60. Rb7+ Ka4 61. Ra7+ Kb4 62. Rb7+ Ka4 63. Ra7+ Kb4 64. Rb7+ 1/2-1/2

[Event "DVM U12 2021"]
[Site "Naumburg (Saale) GER"]
[Date "2022.03.26"]
[Round "2"]
[White "Rosenkranz, Lennard"]
[Black "Weber, Nikita"]
[Result "1-0"]
[Termination "normal"]
[Board "8.1"]
[WhiteElo "1429"]
[BlackElo "1243"]
[WhiteTeam "SV Weißblau Allianz Leipzig e.V."]
[BlackTeam "Vorwärts Orient Mainz"]
[WhiteFideId "16277996"]
[BlackFideId "34608770"]
[EventCountry "GER"]
[EventRounds "6"]
[EventType "team-swiss"]
[EventDate "2022.03.24"]

1. e4 e5 2. Nf3 Nc6 3. Bc4 Bc5 4. O-O Nf6 5. d4 Bxd4 6. Nxd4 Nxd4 7. Bg5 h6 8.
Bh4 d6 9. f4 b5 10. fxe5 dxe5 11. Bd5 g5 12. Bg3 Bg4 13. Qd2 Ne2+ 14. Kh1 Nxg3+
15. hxg3 Nxd5 16. exd5 h5 17. Qb4 Qd7 18. Nc3 h4 19. Ne4 hxg3+ 20. Kg1 Rh6 21.
Nf6+ Rxf6 22. Rxf6 Qxd5 23. Raf1 O-O-O 24. Qxg4+ Kb8 25. Qxg3 Rh8 26. Rxf7 Rh4
27. Rf8+ Kb7 28. Qf3 e4 29. Qg3 Qc5+ 30. R8f2 a6 31. b4 Qd4 32. Qxg5 Qh8 33.
Qd5+ Ka7 34. Rf7 Rh1+ 35. Kf2 Qh4+ 36. Ke3 Qg3+ 37. Kd4 Rh4 38. Rxc7+ Qxc7 39.
Rf7 e3+ 40. Kxe3 Qxf7 41. Qxf7+ Ka8 42. c3 a5 43. Qd7 axb4 44. Qd8+ Ka7 45.
Qxh4 bxc3 46. Kd3 Ka6 47. Kxc3 Ka5 48. Qb4+ Ka6 49. g4 1-0

[Event "DVM U12 2021"]
[Site "Naumburg (Saale) GER"]
[Date "2022.03.26"]
[Round "2"]
[White "Mohammadzadeh, Daris"]
[Black "Becker, Joe Matthis"]
[Result "0-1"]
[Termination "normal"]
[Board "8.2"]
[WhiteElo "1335"]
[BlackElo "1258"]
[WhiteTeam "Vorwärts Orient Mainz"]
[BlackTeam "SV Weißblau Allianz Leipzig e.V."]
[WhiteFideId "34604359"]
[BlackFideId "34617230"]
[EventCountry "GER"]
[EventRounds "6"]
[EventType "team-swiss"]
[EventDate "2022.03.24"]

1. e4 d5 2. exd5 Nf6 3. c4 c6 4. Nc3 cxd5 5. d4 Nc6 6. Nf3 Bg4 7. cxd5 Nxd5 8.
Be2 e6 9. Be3 Bb4 10. Rc1 O-O 11. O-O Qf6 12. h3 Bf5 13. Nxd5 exd5 14. Bd3 Rfe8
 15. a3 Bd6 16. Bg5 Qg6 17. Rc3 Rac8 18. Qd2 Bxd3 19. Rxd3 f6 20. Be3 b6 21.
Rc3 Na5 22. Rxc8 Rxc8 23. Rc1 Re8 24. b4 Nb3 25. Qc3 Nxc1 26. Qxc1 Qf5 27. Qc6
Rd8 28. Kf1 g5 29. Qb7 Qd3+ 30. Ke1 Qxa3 31. Qxd5+ Kf8 32. Qe6 Bxb4+ 33. Ke2
Qb2+ 34. Nd2 Be7 35. Kf3 Qb5 36. Kg3 Qd5 37. Qg4 Bd6+ 38. f4 gxf4+ 39. Bxf4
Bxf4+ 40. Qxf4 Qg5+ 41. Qxg5 fxg5 42. Ne4 h6 43. Nc3 Rxd4 44. Nb5 Rd7 45. Kf3
a6 46. Na3 Rd3+ 47. Ke4 Rxa3 48. Kf5 b5 49. Kg6 b4 50. Kxh6 b3 51. Kxg5 b2 52.
h4 b1=Q 53. g3 Qe4 54. h5 Ra5+ 55. Kh6 Qf5 56. g4 Qf6+ 57. Kh7 Qg7# 0-1

[Event "DVM U12 2021"]
[Site "Naumburg (Saale) GER"]
[Date "2022.03.26"]
[Round "2"]
[White "Meisel, Aaron"]
[Black "Wolf, Noah"]
[Result "1/2-1/2"]
[Termination "normal"]
[Board "8.3"]
[WhiteElo "915"]
[BlackElo "1125"]
[WhiteTeam "SV Weißblau Allianz Leipzig e.V."]
[BlackTeam "Vorwärts Orient Mainz"]
[WhiteFideId "34617132"]
[BlackFideId "34616985"]
[EventCountry "GER"]
[EventRounds "6"]
[EventType "team-swiss"]
[EventDate "2022.03.24"]

1. e4 c5 2. b4 b6 3. bxc5 bxc5 4. Nf3 Nc6 5. Bb5 Bb7 6. Nc3 e6 7. Ba3 Bd6 8.
O-O Nge7 9. Qe2 O-O 10. e5 Bc7 11. Bxc5 Re8 12. Bxe7 Qxe7 13. Bd3 d6 14. Qe4 g6
15. Nb5 Na5 16. Qe3 Bxf3 17. Qxf3 dxe5 18. Nxc7 Qxc7 19. Rfe1 f5 20. Qg3 Nc4
21. Bxc4 Qxc4 22. c3 Qd5 23. d3 Rad8 24. Qxe5 Qxd3 25. Qf6 a6 26. h3 Qd6 27.
Qg5 Qc7 28. Qe3 Rd6 29. Red1 Red8 30. Rxd6 Rxd6 31. Rc1 a5 32. c4 1/2-1/2